00531nam a2200157Ia 4500001001000000003000500010008004100015010001100056040000900067082001900076100002400095245006200119300000900181500011300190650007000303Para_7894CHAP220125s9999 xx 000 0 und d a206843 cCHAP aPA-C 595.75 H4 aKnowlton, George F. aStudies on the beet leafhopper /c by George F. Knowlton a2 p. aSobretiro de: Utah Academy of Sciences Proceedings 7: 57-58, 1930. Encuadernado con otros impresos similares ax Hemípteros x colecciones de escritos x Circulifer tenellus